000 00911nam a2200265Ia 4500
003 OSt
005 20220930085203.0
006 a|||||r|||| 00| 0
007 ta
008 220926b |||||||| |||| 00| 0 eng d
024 _a91834
037 _cTheses
040 _aCRL
_cCRL
_beng
041 _2eng
_aeng
100 _aVerma Abhishek
_9539648
110 _aUniversity of Delhi. Faculty of Inter-Discipilinary and Applied Sciences. Department of Elecronic Science
_9539649
245 0 _aStudy of quantum dots in semiconductor doped glasses
260 _c2008
300 _a163p.
_ap.
_ccm.
650 _aELECTRICAL ENGINEERING
700 _a Prof. P. K. Bhatnagar Gu.
_9533177
700 _aUniversity of Delhi. Faculty of Inter-Discipilinary and Applied Sciences. Department of Elecronic Science
_9539650
942 _cDIS
_2CC
999 _c878504
_d878504